| 000 -LEADER |
| fixed length control field |
00729cam a2200241 a 4500 |
| 001 - CONTROL NUMBER |
| control field |
20773 |
| 003 - CONTROL NUMBER IDENTIFIER |
| control field |
BD-DhUAP |
| 005 - DATE AND TIME OF LATEST TRANSACTION |
| control field |
20200229161558.0 |
| 008 - FIXED-LENGTH DATA ELEMENTS--GENERAL INFORMATION |
| fixed length control field |
200229t20132007enka b 001 0deng |
| 020 ## - INTERNATIONAL STANDARD BOOK NUMBER |
| International Standard Book Number |
9789063691714 |
| 035 ## - SYSTEM CONTROL NUMBER |
| System control number |
(OCoLC)ocm51841593 |
| 040 ## - CATALOGING SOURCE |
| Original cataloging agency |
UKM |
| Transcribing agency |
UKM |
| Modifying agency |
ORU |
| -- |
IXA |
| -- |
C#P |
| -- |
BD-DhUAP |
| Language of cataloging |
Eng |
| 082 04 - DEWEY DECIMAL CLASSIFICATION NUMBER |
| Classification number |
745.2 EIS |
| Edition number |
23 |
| 100 1# - MAIN ENTRY--PERSONAL NAME |
| Personal name |
Eissen, Koos. |
| 245 10 - TITLE STATEMENT |
| Title |
Sketching : |
| Remainder of title |
drawing techniques for product designers / |
| Statement of responsibility, etc. |
Koos Eissen and Roselien Steur. |
| 260 ## - PUBLICATION, DISTRIBUTION, ETC. |
| Place of publication, distribution, etc. |
London : |
| Name of publisher, distributor, etc. |
BIS, |
| Date of publication, distribution, etc. |
c2007 [Reprinted 2013]. |
| 300 ## - PHYSICAL DESCRIPTION |
| Extent |
255 pages : |
| Other physical details |
illustrations ; |
| Dimensions |
28 cm. |
| 650 ## - SUBJECT ADDED ENTRY--TOPICAL TERM |
| Topical term or geographic name entry element |
Industrial design. |
| 650 ## - SUBJECT ADDED ENTRY--TOPICAL TERM |
| Topical term or geographic name entry element |
Drawing |
| General subdivision |
Technique. |
| 650 ## - SUBJECT ADDED ENTRY--TOPICAL TERM |
| Topical term or geographic name entry element |
Product design. |
| 700 ## - ADDED ENTRY--PERSONAL NAME |
| Personal name |
Steur, Roselien. |
| 942 ## - ADDED ENTRY ELEMENTS (KOHA) |
| Source of classification or shelving scheme |
|
| Koha item type |
Book |